Fill the Hex Map of Massachusetts Quiz Stats

 Plays Quiz not verified by Sporcle

Score 0/24 Timer 05:00
0 Plays Today
% Correct
Boston
92.4%
Provincetown
81.8%
Nantucket
80.3%
New Bedford
80.3%
Lowell
77.3%
Pittsfield
74.2%
Barnstable
72.7%
Gloucester
72.7%
Framingham
69.7%
Leominster
60.6%
Edgartown
57.6%
Marshfield
57.6%
% Correct
Williamstown
56.1%
Brockton
56.1%
Chatham
53%
Adams
51.5%
Athol
50%
Amherst
50%
Springfield
47%
Amesbury
47%
Sheffield
43.9%
Uxbridge
39.4%
Southwick
37.9%
Rutland
37.9%

You're not logged in!

Compare scores with friends on all Sporcle quizzes.
OR
Log In

Sporcle TV

Today on Sporcle TV


Watch our educational content, quiz creation guides, and fun videos on Sporcle TV.

Show Comments

Extras

Top Quizzes Today


Score Distribution

Your Account Isn't Verified!

In order to create a playlist on Sporcle, you need to verify the email address you used during registration. Go to your Sporcle Settings to finish the process.

Report this User

Report this user for behavior that violates our Community Guidelines.

Details: